Guía práctica del sistema operativo UNIX
Saved in:
| Main Author: | |
|---|---|
| Format: | Book |
| Language: | Spanish |
| Published: |
Wilmington
Addison-Wesley Iberoamericana
1987
|
| Subjects: | |
| Tags: |
Add Tag
No Tags, Be the first to tag this record!
|
MARC
| LEADER | 00000nam a2200000 a 4500 | ||
|---|---|---|---|
| 001 | UCX7655 | ||
| 003 | CL-VaPUC | ||
| 008 | 931223e19870000US |||||||||||||||||spa|d | ||
| 082 | 0 | 4 | |a 005.43 |b SOB |2 21 |
| 100 | 0 | |a Sobell, Mark G |e author |9 324560 | |
| 245 | 1 | 0 | |a Guía práctica del sistema operativo UNIX |
| 300 | |a 437 p | ||
| 942 | |c BK | ||
| 945 | |d 19931223 00:00:00 |a mfernand | ||
| 260 | |a Wilmington |b Addison-Wesley Iberoamericana |c 1987 | ||
| 650 | 7 | |a UNIX |2 CL-VaPUC |9 263393 | |
| 650 | 7 | |a SISTEMAS OPERATIVOS PARA COMPUTADORES |2 CL-VaPUC |9 324561 | |
| 583 | |a last modification |c 19931223 00:00:00 |k Rodrigo Vera | ||
| 999 | |c 227422 |d 227420 | ||